000 00296nam a22001337a 4500
008 170303b xxu||||| |||| 00| 0 eng d
020 _a3131028920
041 _aeng
080 _a616.073
100 _a6
101 _aSHM
245 _aDIAGNOSTIC BREAST IMAGING
_cK0BRUNNER S,H
942 _2udc
_cBK
999 _c6661
_d6661